Statistics for Top 50 Countries With The Highest Literacy Rate

Click here to take the quiz!

General Stats

  • This quiz has been taken 143 times
  • The average score is 35 of 50

Answer Stats

%Country% Correct
98.99United Kingdom
96%
98.97United States
94%
100Finland
93%
99.00Canada
92%
99.00Germany
92%
99.05Japan
92%
100Norway
92%
99.00Sweden
92%
99.00France
90%
99.76Russia
90%
99.00Australia
89%
99.00Denmark
88%
99.00Italy
85%
99.00Iceland
84%
99.02Netherlands
84%
98.97New Zealand
84%
99.00Switzerland
84%
98.98Belgium
82%
100Estonia
82%
99.00Ireland
82%
99.89Latvia
82%
100Liechtenstein
82%
100Luxembourg
82%
99.87Poland
82%
99.72Ukraine
82%
99.81Lithuania
81%
100Andorra
79%
99.77Czech Republic
79%
99.38Hungary
79%
99.60Slovakia
79%
99.71Slovenia
79%
99.73Belarus
74%
99.29Croatia
72%
99.75Cuba
55%
99.24Moldova
55%
99.76Georgia
52%
99.77Armenia
50%
99.82Azerbaijan
50%
99.85Kazakhstan
48%
100Uzbekistan
47%
99.06Cyprus
46%
99.71Turkmenistan
46%
99.50Kyrgyzstan
45%
99.78Tajikistan
44%
99.72Barbados
34%
99.40Tonga
23%
99.32Maldives
22%
99.52Palau
22%
99.00Samoa
22%
98.97Trinidad and Tobago
20%

Score Distribution

Percentile by Number Answered

Percent of People with Each Score

Your Score History

You have not taken this quiz